|
|
|
|
| LEADER |
00000nam0a2200000 4500 |
| 001 |
276026 |
| 005 |
20231101234900.0 |
| 035 |
|
|
|a (RuTPU)RU\TPU\book\299279
|
| 090 |
|
|
|a 276026
|
| 100 |
|
|
|a 20141118d1971 k y0rusy50 ca
|
| 101 |
0 |
|
|a rus
|
| 102 |
|
|
|a RU
|
| 105 |
|
|
|a a z 001zy
|
| 200 |
1 |
|
|a Аэрометоды геологических исследований
|f гл. ред. В. К. Еремин
|
| 210 |
|
|
|a Ленинград
|c Недра
|d 1971
|
| 215 |
|
|
|a 704 с.
|c ил.
|
| 320 |
|
|
|a Библиография в конце частей.
|
| 606 |
1 |
|
|a Геологические исследования
|x Аэрометоды
|2 stltpush
|3 (RuTPU)RU\TPU\subj\6044
|9 34008
|
| 610 |
1 |
|
|a аэрофотосъемка
|
| 610 |
1 |
|
|a дешифрование
|
| 610 |
1 |
|
|a магнитное поле
|
| 610 |
1 |
|
|a геологическая интерпретация
|
| 610 |
1 |
|
|a аэрорадиометрическая съемка
|
| 610 |
1 |
|
|a аэроэлектроразведка
|
| 610 |
1 |
|
|a крупномасштабная съемка
|
| 610 |
1 |
|
|a методика
|
| 610 |
1 |
|
|a техника
|
| 610 |
1 |
|
|a использование
|
| 610 |
1 |
|
|a геологические работы
|
| 610 |
1 |
|
|a четвертичные отложения
|
| 610 |
1 |
|
|a дочетвертичные образования
|
| 610 |
1 |
|
|a тектоническое строение
|
| 610 |
1 |
|
|a изучение
|
| 675 |
|
|
|a 550.814
|v 3
|
| 702 |
|
1 |
|a Еремин
|b В. К.
|4 651
|
| 801 |
|
1 |
|a RU
|b 63413507
|c 20141118
|
| 801 |
|
2 |
|a RU
|b 63413507
|c 20191225
|g RCR
|
| 942 |
|
|
|c BK
|